Hra predstáv Komédia v dvoch dejstvách

Bibliographic Details
Main Author: Braginskij, Emil' Veniaminovič, 1921-1998 (Author)
Other Authors: Levárska, Eva, 1953- (Translator)
Format: Book
Language:Slovak
PhysicalDescription:62 s., 3,46 AH 29 cm
Published: Bratislava Lita 1982
Edition:1. vyd.

MARC

LEADER 00000nam a2200000 a 4500
001 vtls001099708
003 SK-MaSNL
005 20260301111344.0
008 250414s1982 xo 0 slo
015 |a SNBA1982/11 
035 |a SNK000042550 
040 |a SNK  |b slo  |c SNK  |e AACR2 
041 0 |a slo 
044 |a xo  |c SK 
080 |a 882-2  |2 1981 
100 1 |a Braginskij, Emil' Veniaminovič,  |d 1921-1998  |4 aut  |9 175315 
245 1 0 |a Hra predstáv  |b Komédia v dvoch dejstvách  |c Emil Venijaminovič Braginskij ; Eva Levárska 
250 |a 1. vyd. 
260 |a Bratislava  |b Lita  |c 1982  |e Bratislava  |f LITA 
300 |a 62 s., 3,46 AH  |c 29 cm 
366 |e 13 Kčs. 
500 |a Rozmn. 
700 1 |a Levárska, Eva,  |d 1953-  |4 trl  |9 122555 
852 |a Slovenská národná knižnica 
954 |a hry divadelné  |a literatúra národov ZSSR 
958 |a LX 
958 |a SS 
958 |a RM 
958 |a UP 
958 |a OND 
999 |c 706639  |d 708569 
952 |t P60, <05>, [BOOK], {605}  |a SNK  |b SNK  |y PREZ  |7 0  |p 17A0341038  |o snkSB 34450 D1  |i snkKSP 9617/82  |0 0  |1 0  |4 0  |d 2002-05-25  |l 0  |r 2004-12-31 00:00:00  |w 2026-02-23 
952 |a SNK  |b SNK  |y PREZ  |7 0  |p 17A0982149  |o snkSB 34450  |0 0  |1 0  |4 0  |d 2012-07-19  |f 1  |l 0  |r 2025-04-10 00:00:00  |w 2026-02-23